La vida es lucha (Record no. 11549)

MARC details
000 -LEADER
campo de control de longitud fija 00723nam a22002175i 4500
001 - NÚMERO DE CONTROL
campo de control 11549
003 - IDENTIFICADOR DE NÚMERO DE CONTROL
campo de control ES-MaACL
005 - FECHA Y HORA DE LA ÚLTIMA TRANSACCIÓN
campo de control 20230906150126.0
007 - CAMPO FIJO DE DESCRIPCIÓN FÍSICA--INFORMACIÓN GENERAL
campo de control de longitud fija t|
008 - DATOS DE LONGITUD FIJA--INFORMACIÓN GENERAL
campo de control de longitud fija 941004s1993 sp f ||||0|aspa d
020 ## - NÚMERO INTERNACIONAL ESTÁNDAR DEL LIBRO
Número Internacional Estándar del Libro 84-86575-46-X
080 ## - NÚMERO DE LA CLASIFICACIÓN DECIMAL UNIVERSAL
Número de la Clasificación Decimal Universal 946.0"1936/39"(093.3)
080 ## - NÚMERO DE LA CLASIFICACIÓN DECIMAL UNIVERSAL
Número de la Clasificación Decimal Universal 929 Estévez, Leonor
100 1# - ENTRADA PRINCIPAL--NOMBRE DE PERSONA
Nombre de persona Estévez Varela, Leonor.
9 (RLIN) 48170
245 13 - MENCIÓN DEL TÍTULO
Título La vida es lucha
Resto del título : memorias /
Mención de responsabilidad, etc. Leonor Estévez Varela.
260 ## - PUBLICACIÓN, DISTRIBUCIÓN, ETC.
Lugar de publicación, distribución, etc. Madrid :
Nombre del editor, distribuidor, etc. A-Z,
Fecha de publicación, distribución, etc. 1993.
300 ## - DESCRIPCIÓN FÍSICA
Extensión 300 p., [38] p. de lám ;
Dimensiones 19 cm.
600 14 - PUNTO DE ACCESO ADICIONAL DE MATERIA--NOMBRE DE PERSONA
Nombre de persona Estévez Varela, Leonor.
9 (RLIN) 48170
651 #4 - PUNTO DE ACCESO ADICIONAL DE MATERIA--NOMBRE GEOGRÁFICO
Nombre geográfico España-
Subdivisión general Historia-
Subdivisión cronológica 1931-1939, II República-
Subdivisión de forma Relatos personales.
9 (RLIN) 8290
852 ## - LOCALIZACIÓN
Ubicación ES-MaACL
Número de control de estantería L-18872
Nota libre . - Dedicatoria autógrafa de la autora
Holdings
Estatus retirado Estado de pérdida Estado de daño No para préstamo Biblioteca de origen Biblioteca actual Ubicación en estantería Fecha de adquisición Fuente de adquisición Total de préstamos Signatura topográfica completa Código de barras Visto por última vez Precio de reemplazo Tipo de ítem Koha
        Biblioteca del Ateneo de Madrid Biblioteca del Ateneo de Madrid Depósito 2 17/01/2008     L-18872 1011772 23/02/2023 23/02/2023 Libro impreso